[Event "Barcelona Primavera La Lira op 11th"]
[Site "Barcelona"]
[Date "2018.05.17"]
[Round "6"]
[White "Ferrer Comas, Joan"]
[Black "Romero Funieles, Rafael de Jesus"]
[Result "1-0"]
[WhiteElo "1854"]
[BlackElo "1755"]
[PlyCount "89"]
[EventDate "2018.04.12"]
[EventType "swiss"]
[EventRounds "9"]
[EventCountry "ESP"]
[SourceTitle "CBM 184 Extra"]
[Source "ChessBase"]
[SourceDate "2018.06.28"]
[SourceVersion "1"]
[SourceVersionDate "2018.06.28"]
[SourceQuality "1"]

1. d4 e6 2. Nf3 Be7 3. e3 Nf6 4. Bd3 c5 5. Nbd2 d5 6. b3 Nc6 7. a3 cxd4 8. exd4 a5 9. Bb2 Bd6 10. Ne5 Qc7 11. Ndf3 h6 12. h3 a4 13. b4 Qb6 14. Nxc6 bxc6 15. 0-0 Ba6 16. Rc1 Bf4 17. Rb1 Ne4 18. g3 Bd6 19. Re1 Nf6 20. Qe2 Bxd3 21. Qxd3 Qc7 22. Kg2 0-0 23. Rec1 Ne4 24. Nd2 Nxd2 25. Qxd2 Be7 26. c4 Qd7 27. Qe2 f5 28. Re1 Rf6 29. h4 Bd6 30. c5 Bc7 31. Bc1 Raf8 32. f4 Ra8 33. Bd2 Rg6 34. b5 cxb5 35. Rxb5 Qd8 36. Kh3 Ra7 37. Reb1 Qf6 38. Rb7 Rxb7 39. Rxb7 Qd8 40. Qb5 Rg4 41. Qc6 Bxf4 42. Qxe6+ Kh8 43. Bxf4 Kh7 44. Qxf5+ Rg6 45. h5 1-0

[Event "Barcelona Primavera La Lira op 4th"]
[Site "Barcelona"]
[Date "2011.06.02"]
[Round "9"]
[White "Tortosa Moros, Joan"]
[Black "Ferrer Comas, Joan"]
[Result "1/2-1/2"]
[WhiteElo "1799"]
[BlackElo "1904"]
[PlyCount "122"]
[EventDate "2011.03.31"]
[EventType "swiss"]
[EventRounds "9"]
[EventCountry "ESP"]
[SourceTitle "EXT 2012"]
[Source "ChessBase"]
[SourceDate "2011.11.24"]
[SourceVersion "1"]
[SourceVersionDate "2011.11.24"]
[SourceQuality "1"]

1. e4 c5 2. Nf3 e6 3. d4 cxd4 4. Nxd4 a6 5. Bd3 Qc7 6. Qe2 b5 7. 0-0 Bb7 8. f4 Bc5 9. Be3 Nc6 10. Nb3 Bxe3+ 11. Qxe3 Nf6 12. Kh1 Nb4 13. Qc5 Qxc5 14. Nxc5 Bc6 15. Nd2 d6 16. Ncb3 Rc8 17. a3 Nxd3 18. cxd3 0-0 19. Rac1 Ba8 20. Nf3 Nd7 21. Nfd4 Nb6 22. Na5 Rxc1 23. Rxc1 Na4 24. b3 Nc5 25. Rc3 g6 26. Ndc6 Kg7 27. b4 Na4 28. Rc2 Rc8 29. Nd4 Rxc2 30. Nxc2 Nb2 31. Ne1 f5 32. e5 dxe5 33. fxe5 Bd5 34. Kg1 g5 35. d4 Nd1 36. g3 Kg6 37. Nd3 Ne3 38. Nc5 Nc2 39. Nxa6 Nxd4 40. Nc7 Be4 41. Ne8 Bd5 42. Nd6 f4 43. gxf4 gxf4 44. Nab7 Nf3+ 45. Kf2 Nxe5 46. Nc5 Ng4+ 47. Kg1 f3 48. Nce4 Bxe4 49. Nxe4 e5 50. h3 Nf6 51. Nd6 e4 52. Kf2 Kg5 53. Ke3 Kh4 54. Nxb5 Kg3 55. Nd4 f2 56. Ne2+ Kg2 57. Nf4+ Kg3 58. Ne2+ Kg2 59. Nf4+ Kg1 60. Ne2+ Kg2 61. Nf4+ Kg3 1/2-1/2

[Event "Barcelona Primavera La Lira op 4th"]
[Site "Barcelona"]
[Date "2011.03.31"]
[Round "1"]
[White "Ferrer Comas, Joan"]
[Black "Febrero Perez, Lluis"]
[Result "1/2-1/2"]
[WhiteElo "1904"]
[BlackElo "1585"]
[PlyCount "110"]
[EventDate "2011.03.31"]
[EventType "swiss"]
[EventRounds "9"]
[EventCountry "ESP"]
[SourceTitle "EXT 2012"]
[Source "ChessBase"]
[SourceDate "2011.11.24"]
[SourceVersion "1"]
[SourceVersionDate "2011.11.24"]
[SourceQuality "1"]

1. d4 Nf6 2. Nf3 g6 3. Bg5 Bg7 4. Nbd2 d5 5. e3 0-0 6. Bd3 b6 7. c4 Nbd7 8. 0-0 Bb7 9. b4 Ne4 10. Bh4 c5 11. Qc2 cxd4 12. Nxd4 Ndf6 13. Rad1 Rc8 14. Nxe4 dxe4 15. Be2 Qd6 16. a3 a5 17. Bg3 e5 18. Nb5 Qe7 19. Nd6 Rc7 20. Rd2 axb4 21. axb4 Bd5 22. Nb5 Rc6 23. Qb3 Be6 24. Bxe5 Rfc8 25. Bd6 Qd7 26. Rfd1 Bxc4 27. Bxc4 Rxc4 28. Na3 Rc1 29. h3 R8c3 30. Qb2 Rxd1+ 31. Rxd1 Ne8 32. Nb1 Rd3 33. Qc2 Qxd6 34. Rf1 Qxb4 35. Qc8 Qe7 36. Qc6 Qd8 37. Qxe4 Bf8 38. Qc4 Bc5 39. Nc3 Qd7 40. Ne4 Rd1 41. Rxd1 Qxd1+ 42. Kh2 Bd6+ 43. g3 Qf3 44. Qa4 Nc7 45. Nxd6 Qxf2+ 46. Kh1 Qxg3 47. Qd7 Qf3+ 48. Kh2 Qf2+ 49. Kh1 Qf1+ 50. Kh2 Qf2+ 51. Kh1 Qf3+ 52. Kh2 Qf2+ 53. Kh1 Qf1+ 54. Kh2 Qf2+ 55. Kh1 Qf1+ 1/2-1/2

[Event "Barcelona La Lira Spring op 3rd"]
[Site "Barcelona"]
[Date "2010.04.15"]
[Round "1.16"]
[White "Ferrer Comas, Joan"]
[Black "Flores Linan, Josep Luis"]
[Result "1/2-1/2"]
[WhiteElo "2040"]
[BlackElo "1891"]
[PlyCount "95"]
[EventDate "2010.04.15"]
[EventType "swiss"]
[EventRounds "8"]
[EventCountry "ESP"]
[SourceTitle "EXT 2024"]
[Source "ChessBase"]
[SourceDate "2023.10.10"]
[SourceVersion "1"]
[SourceVersionDate "2023.10.10"]
[SourceQuality "1"]

1. d4 Nf6 2. Nf3 g6 3. Bg5 Bg7 4. Nbd2 d6 5. e3 0-0 6. Bd3 c5 7. 0-0 Qc7 8. c3 Bd7 9. Qc2 b5 10. b4 c4 11. Be2 a5 12. a3 Nc6 13. Ne4 Bf5 14. Nxf6+ exf6 15. e4 Bxe4 16. Qxe4 fxg5 17. Nxg5 Rfe8 18. Qc2 Re7 19. Bf3 Rae8 20. Ne4 f5 21. Ng3 Nd8 22. Qd2 Nf7 23. Rae1 Bh6 24. Qd1 Ng5 25. Bd5+ Kf8 26. Rxe7 Rxe7 27. Re1 axb4 28. axb4 Qd7 29. Rxe7 Kxe7 30. Qe2+ Kf6 31. h4 Ne6 32. Qf3 Nc7 33. Bc6 Qe6 34. h5 d5 35. hxg6 hxg6 36. Bb7 Bd2 37. Ne2 Qe4 38. Qxe4 dxe4 39. f3 e3 40. f4 Ne8 41. Bc6 Nd6 42. g3 g5 43. fxg5+ Kxg5 44. Kg2 Kg4 45. Bf3+ Kg5 46. Bc6 Kg4 47. Bf3+ Kg5 48. Bc6 1/2-1/2

[Event "Barcelona La Lira op"]
[Site "Barcelona"]
[Date "1995.??.??"]
[Round "8"]
[White "Ferrer Comas, Joan"]
[Black "Vargas Drechsler, Carlos"]
[Result "0-1"]
[WhiteElo "2020"]
[BlackElo "2080"]
[PlyCount "60"]
[EventDate "1995.04.??"]
[EventType "swiss"]
[EventRounds "9"]
[EventCountry "ESP"]
[SourceTitle "EXT 2003"]
[Source "ChessBase"]
[SourceDate "2002.11.25"]
[SourceVersion "1"]
[SourceVersionDate "2002.11.25"]
[SourceQuality "1"]

1. d4 f5 2. Nf3 Nf6 3. e3 e6 4. b3 d5 5. Bb2 Bd6 6. Bd3 0-0 7. Nbd2 Nbd7 8. 0-0 c6 9. h3 Ne4 10. Ne5 Ndf6 11. f3 Ng3 12. Re1 Nfh5 13. Nf1 Nxf1 14. Rxf1 f4 15. e4 Qg5 16. c4 c5 17. Ng4 Ng3 18. Re1 cxd4 19. exd5 exd5 20. Bxd4 Bxg4 21. fxg4 f3 22. gxf3 Qh4 23. Be5 Bxe5 24. Rxe5 Qxh3 25. Bf1 Nxf1 26. Qxd5+ Kh8 27. Rxf1 Rad8 28. Qe6 Qg3+ 29. Kh1 Rd1 30. Ree1 Rd6 0-1

[Event "Barcelona La Lira op"]
[Site "Barcelona"]
[Date "1995.??.??"]
[Round "1"]
[White "Ferrer Comas, Joan"]
[Black "Villares Galiano, Jose Maria"]
[Result "1/2-1/2"]
[WhiteElo "2020"]
[BlackElo "2140"]
[PlyCount "35"]
[EventDate "1995.04.??"]
[EventType "swiss"]
[EventRounds "9"]
[EventCountry "ESP"]
[SourceTitle "EXT 2003"]
[Source "ChessBase"]
[SourceDate "2002.11.25"]
[SourceVersion "1"]
[SourceVersionDate "2002.11.25"]
[SourceQuality "1"]

1. d4 d5 2. Nf3 Nf6 3. e3 e6 4. b3 c5 5. Bb2 Nc6 6. Nbd2 Bd7 7. Ne5 Nxe5 8. dxe5 Ne4 9. Nxe4 dxe4 10. c4 Qa5+ 11. Qd2 Qxd2+ 12. Kxd2 0-0-0 13. Be2 Be7 14. Rad1 Bh4 15. g3 Be7 16. Kc2 Bc6 17. Bh5 g6 18. Be2 1/2-1/2

[Event "Barcelona La Lira op"]
[Site "Barcelona"]
[Date "1995.??.??"]
[Round "2"]
[White "Gea Cabrero, Jordi"]
[Black "Ferrer Comas, Joan"]
[Result "1/2-1/2"]
[WhiteElo "2105"]
[BlackElo "2020"]
[PlyCount "54"]
[EventDate "1995.04.??"]
[EventType "swiss"]
[EventRounds "9"]
[EventCountry "ESP"]
[SourceTitle "EXT 2003"]
[Source "ChessBase"]
[SourceDate "2002.11.25"]
[SourceVersion "1"]
[SourceVersionDate "2002.11.25"]
[SourceQuality "1"]

1. e4 c5 2. Nc3 Nc6 3. f4 g6 4. Nf3 Bg7 5. Bc4 e6 6. f5 exf5 7. d3 Nge7 8. 0-0 0-0 9. Qe1 Nd4 10. Qh4 Ne6 11. Bh6 Nc6 12. Bg5 Nxg5 13. Nxg5 h6 14. Nf3 Qxh4 15. Nxh4 Kh7 16. exf5 g5 17. Nf3 Nd4 18. Nxd4 Bxd4+ 19. Kh1 b6 20. Rae1 Kg7 21. Nd1 Bb7 22. c3 Bf6 23. Ne3 Rae8 24. Nd5 Bxd5 25. Bxd5 d6 26. Kg1 Re5 27. Rxe5 Bxe5 1/2-1/2